书目信息 |
| 题名: |
日本美人画
|
|
| 作者: | ||
| 分册: | 第三辑 | |
| 出版信息: | 天津 天津人民美术出版社 2006 |
|
| 页数: | 58页 | |
| 开本: | 26cm | |
| 丛书名: | ||
| 单 册: | ||
| 中图分类: | J232(313) | |
| 科图分类: | ||
| 主题词: | 日本画--人物画--日本--画册 , 人物画 , 日本画 | |
| 电子资源: | ||
| ISBN: | 7-5305-3234-0 | |
| 000 | 00681nam0 2200229 450 | |
| 001 | 003192066 | |
| 005 | 20070805093529.68 | |
| 010 | @a7-5305-3234-0@dCNY29.00 | |
| 100 | @a20060618d2006 em y0chiy0110 ea | |
| 101 | 0 | @achi |
| 102 | @aCN@b120000 | |
| 105 | @aa z 000yy | |
| 200 | 1 | @a日本美人画@9ri ben mei ren hua@h第三辑 |
| 210 | @a天津@c天津人民美术出版社@d2006 | |
| 215 | @a58页@d26cm | |
| 330 | @a本书收录了日本胜田哲的《夕》、中村贞以的《秋色》、中村贞以的《口红》、中村贞以的《春》等美人画。 | |
| 606 | 0 | @a日本画@x人物画@y日本@j画册 |
| 606 | 0 | @a人物画 |
| 606 | 0 | @a日本画 |
| 690 | @aJ232(313)@v4 | |
| 801 | 0 | @aCN@bNLC@c20070805 |
| 905 | @a10447@dJ232(313)@e77:3 | |
| 日本美人画.第三辑.-天津:天津人民美术出版社,2006 |
| 58页;26cm |
| ISBN 7-5305-3234-0:CNY29.00 |
| 本书收录了日本胜田哲的《夕》、中村贞以的《秋色》、中村贞以的《口红》、中村贞以的《春》等美人画。 |
| ● |
| 相关链接 |
|
|
|
|
正题名:日本美人画
索取号:J232(313)/77:3
 
预约/预借
| 序号 | 登录号 | 条形码 | 馆藏地/架位号 | 状态 | 备注 |
| 1 | 0807807 | 208078079 | 第一样本阅览室/ [索取号:J232(313)/77:3] | 在馆 | |
| 2 | 0807808 | 208078088 | 第一借阅区/ [索取号:J232(313)/77:3] | 在馆 | |
| 3 | 0807809 | 208078097 | 第一借阅区/ [索取号:J232(313)/77:3] | 在馆 | |
| 4 | 0807810 | 208078104 | 第一借阅区/ [索取号:J232(313)/77:3] | 在馆 | |
| 5 | 0807811 | 208078113 | 第一借阅区/ [索取号:J232(313)/77:3] | 在馆 | |
| 6 | 0807812 | 208078122 | 第一借阅区/ [索取号:J232(313)/77:3] | 在馆 | |
| 7 | 0807813 | 208078131 | 第一借阅区/ [索取号:J232(313)/77:3] | 在馆 | |
| 8 | 0807814 | 208078140 | 密集书库-美术系/ [索取号:J232(313)/77:3] | 在馆 | |
| 9 | 0807815 | 208078159 | 密集书库-美术系/ [索取号:J232(313)/77:3] | 在馆 | |
| 10 | 0807816 | 208078168 | 密集书库-美术系/ [索取号:J232(313)/77:3] | 在馆 |